|
|
|
|
| LEADER |
00000nab a2200000 a 4500 |
| 001 |
vtls000558720 |
| 003 |
SK-MaSNL |
| 005 |
20260304000541.0 |
| 008 |
120929c1995 xo 0 slo |
| 015 |
|
|
|a SNBRB19rr/mm-uuuuu
|
| 035 |
|
|
|a CL0558858
|
| 040 |
|
|
|a SNKBUCL
|b slo
|c SNKBUCL
|e AACR2
|
| 041 |
1 |
|
|a slo
|h eng
|
| 044 |
|
|
|a xo
|c SK
|
| 080 |
|
|
|a 820 (73)-3
|2 1981
|
| 100 |
1 |
|
|a Honig, Donald,
|d 1931-
|4 aut
|9 243053
|
| 245 |
1 |
0 |
|a Ostatná cesta
|c Donald Honig ; preklad H. Šimeková
|
| 655 |
|
7 |
|a americké poviedky
|2 snkbucl
|9 70544
|
| 655 |
|
7 |
|a detektívne poviedky
|2 snkbucl
|9 70227
|
| 655 |
|
7 |
|a články z novín a časopisov
|2 snkbucl
|9 267496
|
| 655 |
|
7 |
|a články z odboru literárna veda a krásna literatúra
|2 snkbucl
|9 770045
|
| 700 |
1 |
|
|a Šimeková, H.
|4 trl
|9 996904
|
| 773 |
0 |
|
|t Život
|g Roč. 45, č. 32 (1995), s. 42-43
|x 0139-6323
|
| 850 |
|
|
|a Slovenská národná knižnica v Martine
|a MTA001
|
| 852 |
|
|
|a SNK
|b KIS3GCP
|
| 958 |
|
|
|a RK
|
| 958 |
|
|
|a LX
|
| 992 |
|
|
|a RBX
|
| 999 |
|
|
|c 2531776
|d 2533706
|